| 000 | 00837nam a2200205Ia 4500 | ||
|---|---|---|---|
| 008 | 0000001992 usa 0000000000eng00 | ||
| 090 | _aPSP00 A77a | ||
| 100 | 1 |
_aArranzBravo, Eduardo _d1941 |
|
| 245 | 1 | 0 |
_aArranz Bravo _b: recent works _c/ photo Eric Berenguer. Jordi Pereda, Carles Sagarra |
| 300 |
_a[44] p. _c/ 30 cm. |
||
| 500 | _aExposición realizada en Galería Ergane, Nueva York, Octubre, 1992 \ Con el patronazgo del maestro venezolano Jesús Rafael Soto (q.e.p.d.) | ||
| 600 | 0 | 0 |
_aARRANZBRAVO, EDUARDO, 1941/ _xTRABAJOS PICTORICOS |
| 650 | 1 | 4 | _a PINTURA ESPAÑOLA |
| 650 | 1 | 4 | _aARTE CONTEMPORANEO ESPAÑOL |
| 650 | 1 | 4 | _xCATALOGOS |
| 650 | 1 | 4 | _xEXPOSICIONES |
| 650 | 1 | 4 | _aPINTORES ESPAÑOLES |
| 700 | 1 | _aBerenger, Eric \ Pereda, Jordi \ Sagarra, Carles | |
| 999 |
_c1434 _d1434 |
||
| 260 |
_aNew York : Ergane Gallery _c1992 |
||